| 000 | 01286nam a22002417a 4500 | ||
|---|---|---|---|
| 003 | DO-SdBPM | ||
| 005 | 20251125072809.0 | ||
| 007 | ta | ||
| 008 | 171025b1993 sp ||| 00| 0 spa d | ||
| 020 | _a8477643512 | ||
| 040 |
_aDO-SdBPM _bspa _cBPMSU _erda |
||
| 082 | 4 |
_a658 _bB582p 1993 _222 |
|
| 245 | _aBiblioteca práctica de administración de la pequeña y mediana empresa | ||
| 260 | _c1993. | ||
| 264 |
_aBarcelona : _b Océano ; _c1983 |
||
| 300 |
_avolumenes: _bilustraciones ; _c26 cm. |
||
| 505 | 0 | _av.1 Estudios de mercado ; Política de distribución. Personal comercial ; Política de promoción. -- v.2 Necesidad de una dirección correcta en la pequeña y mediana empresa ; Dos temas básicos en la pequeña y mediana empresa: forma jurídica y ubicación ; Problemática fiscal y seguro -- v.3 Importancia del elemento humano: formación y dirección de personal ; Comunicación entre los diversos niveles de gestión ; Asesoramiento externo. -- v.4 Registros y función contable ; Medios de financiación ; Formación de precios. 650 #7$aAdministración de empresas. $2BLAAUTO | |
| 590 | _aInventariado, 2025/VM | ||
| 650 | 7 | _aAdministración de microempresas. | |
| 710 | 2 | _aGrupo Editorial Oceano | |
| 910 | _aVMateo V. Control de calidad. BPMSU | ||
| 942 |
_2ddc _cBK |
||
| 999 |
_c12693 _d12693 |
||